000 00467nam a22001817a 4500
005 20251108170657.0
008 250721s1992 xx 000 0 eng d
082 1 4 _aR/032/NEW
100 1 _aMcHerry, Robert
_eProd.
245 1 4 _aThe New encyclopedia Britannica :
_bThe Index /
250 _a15th
264 1 _aChicago :
_bUniversity of Chicago,
_c1992.
300 _a2vol
650 1 7 _aEncyclopedias
650 1 7 _aEnglish
942 _2ddc
_cREF
999 _c46376
_d46376